000 00546nam a22001937a 4500
005 20241106123249.0
010 _aENG-142584
020 _c650.00
_a9789380887722
035 _aEN-126116
037 _bDBAD
082 _aS
_2First
100 _aChilli, Shaikh
_973745
245 _aFolk Tales Of Hindustan/
_cBy Shaikh Chilli
250 _aFirst
260 _aNew Delhi
_bJuggernaut Publications
_c2020
270 _bNew Delhi
_aF-3/16, Ansari Road, Darya Ganj,
_e110002
_k9310122101
300 _a164p.
_c22cm(Hb)
942 _2ddc
_cEN
_hS
_mCHI
999 _c206907
_d206907